000 00521nam a22001817a 4500
003 UA-OsUOA
001 25579
007 ta
008 20040326b un ||||| |||| 00| 0 ukr d
100 _aКіндратець О.
942 _cSA
040 _aUA-OsUOA
_cUA-OsUOA
_dUA-OsUOA
245 _aПенсійна політика в країнах Заходу
300 _aС.132-135
955 _a0
773 0 _w0
_tПраво України
_dКиїв
_d2004
_gN3
650 7 _aПраво зарубіжних країн
_2UDC
999 _c311877
_d311877